Szczegóły MARC21

Edukacyjne prowokacje : wykorzystanie etnografii performatywnej w procesie kształcenia doradców /

003 -Nazwa inst., której nr kontr. jest w polu 001 [,]
    • @
    • Nazwa instytucji, której n kontrolny jest w polu 001
    • NUKAT
005 -DATA I CZAS OSTATNIEJ MODYFIKACJI [,]
    • @
    • pole kontrolne
    • 20241231103957.0
020 -Międzynarod. znormalizowany nr książki - ISBN [ , ]
    • a
    • Numer ISBN
    • 9788375871715 Find
040 -Instytucja sporządzająca opis [ , ]
    • a
    • Instytucja, która sporządziła opis (NP)
    • WR U/ms
    • c
    • Instytucja, która sporządziła rekord (NP)
    • WR U/ms
    • d
    • Instytucja, która zmodyfikowała rekord (P)
    • WR U/hb
    • d
    • Instytucja, która zmodyfikowała rekord (P)
    • WR U/KPs
942 -Rodzaj dokumentu [ , ]
    • c
    • Rodzaj dokumentu
    • Książka
100 -Hasło główne - nazwa osobowa [1, ]
    • a
    • Nazwa osobowa (NP)
    • Siarkiewicz, Elżbieta
    • c
    • Dopowiedzenie inne niż daty biograficzne (P)
    • (pedagogika).
    • 9
    • KHW
    • 21324
245 -Strefa tytułu i oznaczenia odpowiedzialności [1,0]
    • a
    • Tytuł
    • Edukacyjne prowokacje : Find
    • b
    • Ciąg dalszy tytułu (NP)
    • wykorzystanie etnografii performatywnej w procesie kształcenia doradców / Find
    • c
    • Pozostałe elementy strefy tytułu i oznaczenia odpowiedzialności (NP)
    • Elżbieta Siarkiewicz, Ewa Trębińska-Szumigraj, Daria Zielińska-Pękał.
260 -Strefa adresu wydawniczego [ , ]
    • a
    • Miejsce wydania (P)
    • Kraków :
    • b
    • Nazwa wydawcy (P)
    • Oficyna Wydawnicza "Impuls",
    • c
    • Data wydania (P)
    • cop. 2012.
300 -Strefa opisu fizycznego [ , ]
    • a
    • Określenie formy książki i/lub objętość (NP)
    • 155 s. :
    • b
    • Oznaczenie ilustracji (NP)
    • il. kolor. ;
    • c
    • Format (NP)
    • 24 cm.
336 -Typ zawartości [ , ]
    • a
    • Termin opisujący typ zawartości
    • Tekst
    • b
    • Kod określający zawartość
    • txt
    • 2
    • Źródło (terminu i kodu)
    • rdacontent
337 -Typ mediów [ , ]
    • a
    • Tryb odtwarzania
    • Bez urządzenia pośredniczącego
    • b
    • Kod typu mediów
    • n
    • 2
    • Źródło (terminu i kodu)
    • rdamedia
338 -Typ/rodzaj nośnika [ , ]
    • a
    • Hasło opisujące typ nośnika
    • Wolumin
    • b
    • Kod typu nośnika
    • nc
    • 2
    • Źródło (terminu i kodu)
    • rdacarrier
504 -Uwaga dot. bibliogr. załącznikowej [ , ]
    • a
    • Uwaga dot. bibliografii załącznikowej
    • Bibliogr. s. 151-155.
080 -Uniwersalna Klasyfikacja Dziesiętna [ , ]
    • 2
    • Identyfikator wydania tablic
    • UDC-P058
    • 9
    • UKD
    • 3820
    • a
    • Symbol klasyfikacji
    • 37.013.83
    • b
    • Dopowiedzenie
    • Andragogika. Teoria oświaty i wychowania dorosłych. Pedagogika dorosłych.
    • 4
    • UKD2
    • 7665
    • x
    • Poddział wspólny
    • (075.8)
    • c
    • Dopowiedzenie poddz. wspólnego
    • (Podręczniki dla szkół wyższych. Skrypty).
080 -Uniwersalna Klasyfikacja Dziesiętna [ , ]
    • 2
    • Identyfikator wydania tablic
    • UDC-P058
    • 9
    • UKD
    • 3818
    • a
    • Symbol klasyfikacji
    • 37.013.75
    • b
    • Dopowiedzenie
    • Pedagogika eksperymentalna.
    • 4
    • UKD2
    • 7665
    • x
    • Poddział wspólny
    • (075.8)
    • c
    • Dopowiedzenie poddz. wspólnego
    • (Podręczniki dla szkół wyższych. Skrypty).
080 -Uniwersalna Klasyfikacja Dziesiętna [ , ]
    • 2
    • Identyfikator wydania tablic
    • UDC-P058
    • 9
    • UKD
    • 3856
    • a
    • Symbol klasyfikacji
    • 37.048
    • b
    • Dopowiedzenie
    • Poradnictwo. Porady pedagogiczne. Porady wychowawcze. Pomoc przy wyborze szkoły
    • 4
    • UKD2
    • 7665
    • x
    • Poddział wspólny
    • (075.8)
    • c
    • Dopowiedzenie poddz. wspólnego
    • (Podręczniki dla szkół wyższych. Skrypty).
080 -Uniwersalna Klasyfikacja Dziesiętna [ , ]
    • 2
    • Identyfikator wydania tablic
    • UDC-P058
    • 9
    • UKD
    • 3056
    • a
    • Symbol klasyfikacji
    • 331.548
    • b
    • Dopowiedzenie
    • Poradnictwo zawodowe.
    • 4
    • UKD2
    • 7665
    • x
    • Poddział wspólny
    • (075.8)
    • c
    • Dopowiedzenie poddz. wspólnego
    • (Podręczniki dla szkół wyższych. Skrypty).
650 -Hasło przedmiotowe [ ,7]
    • a
    • Hasło przedmiotowe
    • Konsultanci
    • x
    • Określnik rzeczowy
    • kształcenie
    • z
    • Określnik geograficzny
    • Polska
    • y
    • Określnik chronologiczny
    • 1990-.
    • 2
    • Źródło terminu
    • kaba
    • 9
    • KHW
    • 370610
650 -Hasło przedmiotowe [ ,7]
    • a
    • Hasło przedmiotowe
    • Poradnictwo
    • x
    • Określnik rzeczowy
    • studia i nauczanie (akademickie)
    • z
    • Określnik geograficzny
    • Polska
    • z
    • Określnik geograficzny
    • Zielona Góra
    • y
    • Określnik chronologiczny
    • 1990-.
    • 2
    • Źródło terminu
    • kaba
    • 9
    • KHW
    • 370611
980 -Symbol UKD [ , ]
    • a
    • UKD
    • 37.013.83:37.013.75:37.048:331.548](075.8)
700 -Hasło dodatkowe - nazwa osobowa [1, ]
    • a
    • Nazwa osobowa (NP)
    • Trębińska-Szumigraj, Ewa. Find
    • 9
    • KHW
    • 45425
700 -Hasło dodatkowe - nazwa osobowa [1, ]
    • a
    • Nazwa osobowa (NP)
    • Zielińska-Pękał, Daria. Find
    • 9
    • KHW
    • 48004
710 -Hasło dodatkowe - nazwa ciała zbiorowego [2, ]
    • a
    • Nazwa ciała zbiorowego lub nazwa geograficzna jako pierwszy element (NP)
    • Oficyna Wydawnicza Impuls.
    • 4
    • Kod relacji
    • pbl
    • 9
    • KHW
    • 52864
920 -ISBN [ , ]
    • a
    • ISBN
    • 978-83-7587-171-5 Find
Lokalizacja Data inwentaryzacji Numer inwentarzowy Status udost.
BG2012-10-19Z.1165261
BG2012-10-19WM.13859-3
BG2012-10-19WM.13860-3
BNS2012-11-05H.232961